UBT Library

International Accounting and Multinational Enterprises (Record no. 57213)

000 -LEADER
fixed length control field 00364nam a22001457a 4500
008 - FIXED-LENGTH DATA ELEMENTS--GENERAL INFORMATION
fixed length control field 210511b ||||| |||| 00| 0 eng d
020 ## - INTERNATIONAL STANDARD BOOK NUMBER
International Standard Book Number 9780471652694
041 ## - LANGUAGE CODE
Language code of text/sound track or separate title eng
080 ## - UNIVERSAL DECIMAL CLASSIFICATION NUMBER
Edition identifier 6th
Universal Decimal Classification number 330.722.6
082 ## - DEWEY DECIMAL CLASSIFICATION NUMBER
Classification number 330.722.6
100 ## - Rafti
Rafti 62
101 ## - Shkurtesa
Shkurtesa KF
245 ## - TITLE STATEMENT
Title International Accounting and Multinational Enterprises
Statement of responsibility, etc Radebaugh,L.H
942 ## - ADDED ENTRY ELEMENTS (KOHA)
Source of classification or shelving scheme
Item type Books
Holdings
Withdrawn status Lost status Source of classification or shelving scheme Damaged status Not for loan Collection code Permanent location Current location Shelving location Date acquired Total Checkouts Full call number Barcode Date last seen Price effective from Koha item type
          Koleksioni i përgjithshem UBT - Lipjan UBT - Lipjan Koleksioni i përgjithshem 05/11/2021   330.722.6 RAD 002-5000703 05/11/2021 05/11/2021 Books
UBT Library © 2015-2024. All rights reserved University Education for Business and Technology